Fr. Conceicao Rodrigues College of Engineering

Numerical methods for Scientific & Engineering computation (Record no. 34793)

MARC details
000 -LEADER
fixed length control field 00376nam a2200145Ia 4500
082 ## - DEWEY DECIMAL CLASSIFICATION NUMBER
Classification number 519.4
Item number JAI/IYE
100 ## - MAIN ENTRY--PERSONAL NAME
Personal name Jain /M.K./ Iyengar/S.R.K.
245 ## - TITLE STATEMENT
Title Numerical methods for Scientific & Engineering computation
260 ## - PUBLICATION, DISTRIBUTION, ETC.
Name of publisher, distributor, etc. WILEY EASTERN LIMITED
Place of publication, distribution, etc. New Delhi
Date of publication, distribution, etc. 1993
300 ## - PHYSICAL DESCRIPTION
Extent 450
546 ## - LANGUAGE NOTE
Language note ENGLISH
654 ## - SUBJECT ADDED ENTRY--FACETED TOPICAL TERMS
Focus term numerical methods
942 ## - ADDED ENTRY ELEMENTS (KOHA)
Koha item type BOOK
Holdings
Withdrawn status Lost status Damaged status Not for loan Collection Home library Current library Shelving location Date acquired Cost, normal purchase price Total Checkouts Full call number Barcode Date last seen Cost, replacement price Price effective from Koha item type Source of acquisition
        CRC Fr. Agnel's C.Rodrigues College of Engineering Fr. Agnel's C.Rodrigues College of Engineering   17/03/2023 41.50   519.4 JAI/IYE 2485 17/03/2023 41.50 17/03/2023 BOOK  
        CRC Fr. Agnel's C.Rodrigues College of Engineering Fr. Agnel's C.Rodrigues College of Engineering   17/03/2023 95.00   513.5 5477 17/03/2023 95.00 17/03/2023 BOOK global books
        CRC Fr. Agnel's C.Rodrigues College of Engineering Fr. Agnel's C.Rodrigues College of Engineering   17/03/2023 95.00   5668 17/03/2023 95.00 17/03/2023 Reference Book